BIBLIOTHÈQUE DE LA MAISON DU MEXIQUE

Logo 1 Logo 2

Historia de la filosofía (notice nᵒ 12173)

détails MARC
000 -Sello discográfico
campo de control de longitud fija 01103nam a2200325 4500
005 - Identificación de versión
campo de control 20251016082351.0
035 ## - Otros números de control del sistema
Número de control del sistema 15166
099 ## - fechas locales
Tipo de ítem Koha LIBRO
100 ## - Datos de procesamiento general
Datos de procesamiento general 19930801d19731951m y1spay5003 ba
101 ## - Idioma del recurso
Idioma del texto, banda sonora, etc. Español; Castellano
Idioma de la obra original Alemán
105 ## - Campo de datos codificados: Material textual, monográfico
Datos codificados de monografía y 001zy
200 1# - Título y mención de responsabilidad
Título propio Historia de la filosofía
Designación general del material texto impreso
Primer mención de responsabilidad Wilhelm Dilthey
Declaración de responsabilidad subsiguiente traducción, prólogo y bibliografía adicional de Eugenio Imaz
205 ## - Declaración de edición
Declaración de edición 2a reimp de la 2a ed
210 ## - Publicación, distribución, etc.
Lugar de publicación, distribución, etc. México
Nombre del editor, distribuidor, etc. Fondo de Cultura Económica
Fecha de publicación, distribución, etc. 1973
215 ## - Descripción física
Designación de material específico y extensión del ítem 273 p
Dimensiones 17 cm
300 ## - Notas generales
Texto de la nota Incluye bibliografía: p.231-257 e índice analítico
345 ## - Nota de información de adquisición
Fuente de adquisición/dirección de la suscripción [OBSOLETO] Donación
410 #1 - Series
Título Breviarios del Fondo de Cultura Económica
Número de volumen 50
454 #1 - Traducción de
Título Grundriss der allgemeinen Geschichte der Philosophie
606 ## - Término temático usado como materia
Elemento de entrada Filosofía
Subdivisión temática Historia
Número Koha 1503
700 ## - Nombre personal - Responsabilidad primaria
Elemento de entrada Dilthey
Parte del nombre distinta del elemento de entrada Wilhelm
Fechas 1833-1911
Número Koha 18796
702 ## - Nombre personal - Responsabilidad secundaria
Elemento de entrada Imaz Echeverría
Parte del nombre distinta del elemento de entrada Eugenio
Fechas 1900-1951
Número Koha 1902
801 #0 - Fuente de origen
Agencia cm
900 ## -
-- 1/8909
900 ## -
-- 710934569\\010893
942 ## - ELEMENTOS DE ENTRADA SECUNDARIOS (KOHA)
Tipo de ítem Koha Livre
996 ## -
-- MEX
-- 751145101
-- MMAG
-- 004533
-- 082.1 B846 V.50
-- 20210208LIV
Exemplaires
Estatus retirado Estado de daño Estado de pérdida Fecha de adquisición Biblioteca de origen Biblioteca actual Ubicación en estantería Código de barras Precio de reemplazo Signatura topográfica completa No para préstamo Tipo de ítem Koha Nota pública Nota no pública
      05/08/2025 Casa México Paris Casa México Paris   004533 05/08/2025 082.1 B846 V.50   Livre 20210208LIV 751145101